Aprovechamiento de leñas y maderas de pequeñas dimensiones de los eucalyptus globulus y camaldulensis como materia prima para pasta de celulosa / (Record no. 189606)

MARC details
000 -LEADER
campo de control de longitud fija 00928nam a2200217 i 4500
001 - NÚMERO DE CONTROL
campo de control 189606
003 - IDENTIFICADOR DE NÚMERO DE CONTROL
campo de control ES-MaACL
005 - FECHA Y HORA DE LA ÚLTIMA TRANSACCIÓN
campo de control 20230906223519.0
007 - CAMPO FIJO DE DESCRIPCIÓN FÍSICA--INFORMACIÓN GENERAL
campo de control de longitud fija t|
008 - DATOS DE LONGITUD FIJA--INFORMACIÓN GENERAL
campo de control de longitud fija 190625s1964 sp r ||||1| spa d
100 0# - ENTRADA PRINCIPAL--NOMBRE DE PERSONA
Nombre de persona Bustamante Ezpeleta, Luis.
9 (RLIN) 32873
245 10 - MENCIÓN DEL TÍTULO
Título Aprovechamiento de leñas y maderas de pequeñas dimensiones de los eucalyptus globulus y camaldulensis como materia prima para pasta de celulosa /
Mención de responsabilidad, etc. Luis Bustamante Ezpeleta, Alberto Caperos Sierra.
260 ## - PUBLICACIÓN, DISTRIBUCIÓN, ETC.
Lugar de publicación, distribución, etc. Madrid :
Nombre del editor, distribuidor, etc. Instituto Forestal de Investigaciones y Experiencias,
Fecha de publicación, distribución, etc. 1964.
300 ## - DESCRIPCIÓN FÍSICA
Extensión 173 p., 3 lám. ;
Dimensiones 24 cm.
490 1# - MENCIÓN DE SERIE
Mención de serie Instituto Forestal de Investigaciones y Experiencias ;
Designación de volumen o secuencia Año XXXV, nº 87
650 #4 - PUNTO DE ACCESO ADICIONAL DE MATERIA--TÉRMINO DE MATERIA
Término de materia o nombre geográfico como elemento de entrada Celulosa.
9 (RLIN) 158799
700 0# - ENTRADA AGREGADA--NOMBRE PERSONAL
Nombre de persona Caperos Sierra, Alberto.
9 (RLIN) 34842
830 0# - PUNTO DE ACCESO ADICIONAL DE SERIE-TÍTULO UNIFORME
Título uniforme Instituto Forestal de Investigaciones y Experiencias ;
Designación de volumen o secuencia Año XXXV, nº 87
9 (RLIN) 181435
852 ## - LOCALIZACIÓN
Ubicación ES-MaACL
Número de control de estantería P-569-Bis-72
Holdings
Estatus retirado Estado de pérdida Estado de daño No para préstamo Biblioteca de origen Biblioteca actual Ubicación en estantería Fecha de adquisición Fuente de adquisición Total de préstamos Signatura topográfica completa Código de barras Visto por última vez Precio de reemplazo Tipo de ítem Koha
        Biblioteca del Ateneo de Madrid Biblioteca del Ateneo de Madrid Depósito 2 25/06/2019     P-569-Bis-72 1200934 23/02/2023 23/02/2023 Libro impreso